Countries that the British Empire haven't invaded - Statistics

General Stats
  • This quiz has been taken 100 times
  • The average score is 12 of 22
Answer Stats
Answer % Correct
Andorra
70%
Bolivia
70%
Liechtenstein
70%
Mongolia
68%
Tajikistan
66%
Kyrgyzstan
64%
Vatican City
64%
Sweden
63%
Uzbekistan
62%
Paraguay
59%
Chad
57%
Central African Republic
56%
Monaco
56%
Luxembourg
55%
Belarus
54%
Mali
49%
Guatemala
45%
São Tomé and Príncipe
45%
Republic of the Congo
44%
Burundi
41%
Marshall Islands
37%
Ivory Coast
32%
No matching quizzes found
Score Distribution
Percent of People with Each Score
Percentile by Number Answered
Your Score History
You have not taken this quiz